A giria brasileira dos marginais as classes de elite = El brasileño jerga de la élite de las clases marginales /
Guardado en:
| Hovedforfatter: | |
|---|---|
| Format: | Ukendt |
| Sprog: | Portuguese |
| Udgivet: |
Belo Horizonte :
Editora Itatiaia,
1988.
|
| Fag: | |
| Tags: |
Tilføj Tag
Ingen Tags, Vær først til at tagge denne postø!
|
MARC
| LEADER | 000000000a22000000004500 | ||
|---|---|---|---|
| 001 | 011517 | ||
| 041 | 0 | |a por | |
| 082 | 0 | 4 | |a 469.798.03 |b S243g |
| 100 | 1 | |a Saraiva, Gumercindo | |
| 245 | 1 | 0 | |a A giria brasileira dos marginais as classes de elite = El brasileño jerga de la élite de las clases marginales / |c Gumercindo Saraiva. |
| 246 | 3 | 1 | |a brasileño jerga de la élite de las clases marginales |
| 260 | 1 | |a Belo Horizonte : |b Editora Itatiaia, |c 1988. | |
| 300 | |a 111 páginas | ||
| 500 | |a Colección George Yúdice | ||
| 650 | 4 | |a LENGUA PORTUGUESA | |
| 650 | 4 | |a BRAZIL | |
| 650 | 4 | |a DICCIONARIOS | |
| 650 | 4 | |a JERGA | |
| 999 | |c 17554 |d 17554 | ||
| 942 | |c BK |h 469.798.03 S243g |2 z | ||
